Normal view MARC view

Entry Nombre personal

Number of records used in: 2

001 - NÚMERO DE CONTROL

  • campo de control: 18079

003 - IDENTIFICADOR DE NÚMERO DE CONTROL

  • campo de control: SpMaBN

005 - FECHA Y HORA DE LA ÚLTIMA TRANSACCIÓN

  • campo de control: 20230602142534.0

008 - ELEMENTOS DE DATO DE LONGITUD-FIJA

  • campo de control de longitud fija: 900725nn aijnnaabn n aaa

016 ## - NÚMERO DE CONTROL DE UNA AGENCIA BIBLIOGRÁFICA NACIONAL

  • Número de control del registro: BNE19960811505

024 7# - IDENTIFICADOR DE OTROS ESTÁNDARES

  • Número estándar o código: http://viaf.org/viaf/86769515/
  • Fuente: viaf

040 ## - FUENTE DE CATALOGACIÓN

  • Centro catalogador/agencia de origen: SpMaBN
  • Lengua de catalogación: spa
  • Centro/agencia transcriptor: SpMaBN
  • Normas de descripción: rdc
  • Convención/Normas de encabezamiento de materia/tesauro: embne
  • Centro/agencia modificador: ES-MaACL

046 ## - FECHAS CON CODIFICACIÓN ESPECIAL

  • Fecha de nacimiento: 1934

100 1# - ENCABEZAMIENTO-NOMBRE DE PERSONA

  • Nombre de persona: Abelló, Palmira,
  • Fechas asociadas al nombre: 1934-

370 ## - LUGAR ASOCIADO

  • Lugar de nacimiento: España, Madrid (Comunidad Autónoma), Madrid
  • Fuente del término: embne

372 ## - CAMPO DE ACTIVIDAD

  • Campo de actividad: Pintura acrílica
  • Fuente del término: tgfbne

374 ## - OCUPACIÓN

  • Ocupación: Pintores
  • Fuente del término: embne

375 ## - GÉNERO/SEXO

  • Género: Femenino

670 ## - FUENTE DE DATOS ENCONTRADOS

  • Cita de la fuente: Palmira Abelló, 1979;

670 ## - FUENTE DE DATOS ENCONTRADOS

  • Cita de la fuente: Dic. de pintores y escultores del siglo XX, 1994;
  • Información encontrada: port. (Palmira Abelló; n. 1934, en Madrid)

670 ## - FUENTE DE DATOS ENCONTRADOS

  • Cita de la fuente: WWW Fundación Antonio Segovia Lobillo, 05-09-2017;
  • Información encontrada: (pintora)

670 ## - FUENTE DE DATOS ENCONTRADOS

  • Cita de la fuente: WWW Enrique Castaños, 20-9-2018;
  • Información encontrada: (Palmira Abelló (Madrid, 1934), pintura orientada hacia los retratos y las flores, es una pintura sosegada y tranquila, aunque al mismo tiempo exponente de una intensa vida interior, ensoñadora y poética, de técnica depurada y exquisita. Realizadas siempre con pintura acrílica)
  • Identificador Uniforme de Recursos: http://www.enriquecastanos.com/palmira.htm

670 ## - FUENTE DE DATOS ENCONTRADOS

  • Cita de la fuente: WWW Bn España aut., 2-6-2023;
  • Información encontrada: (Abelló, Palmira, 1934-)

955 ## - CATALOGADOR - EDICIÓN

  • Nombre del catalogador: Julia Mas Vieira